000 nam a22 a 4500
999 _c184
_d184
003 BLK
005 20230509160350.0
008 180412b bul|||||r ||||||| ||bul||
010 _aKNG00000275000
020 _a954-434-020-3
040 _aBLK
041 _aBUL
_cBUL
080 _aНемска литература
_b821.112.2
_x-93-31
_z821.112.2-93-31
100 1 _aМай, Карл
_eпърви автор
_9241916
139 _aМай, Карл
_bМ 16
245 1 0 _aНаследниците на Винету
_bРоман [за юноши] : Ч. 1 - 2
_cКарл Май; прев. от нем. Любомир Спасов.
_nЧ. 1
257 _aDEU
260 _aПловдив
_bКалем 90
_c1993 -
_fЯмбол : Абагар
300 _c20 см
_a223 с.
_bс ил.
380 _aDX
500 _aОриг. загл. Winnetous Erben / Karl May. - 10 000 тир.
653 _aромани
653 _aлитература за деца
700 1 _aСпасов, Любомир
_eпрев. от нем.
_9241917
760 1 _aМай, Карл
_dКалем 90, 1993
_h223 с. : с ил.
_tЧ. 1
852 _aЦб 174867
_bЦб
856 4 _qpdf
_u
_i0.00
_ldisable
856 4 _qpdf
_u
_i0.00
_ldisable
942 _cKNG
_n0
_s1
944 _aCR
_c15.01.2003
_lф /
_kЛюдмила_Стоянова
944 _aED
_c20.04.2010
_lф /
999 _d184